000 00245pab a2200109 454500
008 180718b xxu||||| |||| 00| 0 eng d
100 _aNandy, Ashis
245 _aTerrorism - Indian style
650 _aTerrorism
773 _aSeminar
909 _a23938
999 _c23938
_d23938